[Event "Turkish Championship 2020"]
[Site "Kemer-Antalya"]
[Date "2020.11.13"]
[Round "1.1"]
[White "Sanal, Vahap"]
[Black "Atalik, Ekaterina"]
[Result "1/2-1/2"]
[WhiteElo "2557"]
[BlackElo "2450"]
[Annotator "TA"]
[PlyCount "216"]
[EventDate "2020.11.13"]
[EventType "tourn"]
[EventCountry "TUR"]
[SourceTitle "playchess.com"]
[Source "ChessBase"]
[SourceQuality "1"]

{[%evp 13,216,12,20,0,0,0,0,0,3,0,18,0,0,0,0,0,4,-14,-16,-12,-6,-24,0,-375,-46,-55,-21,-12,-13,-14,-20,-51,-22,-70,-67,-68,-72,-141,-135,-156,-156,-156,-87,-124,-137,-228,-227,-290,-273,-258,-266,-266,-255,-267,-265,-338,-322,-544,-343,-342,-332,-333,-323,-319,-316,-310,-315,-471,-462,-587,-584,-577,-556,-604,-606,-554,-445,-435,-404,-412,-408,-514,-503,-480,-432,-996,-996,-975,-939,-916,-889,-886,-768,-791,-765,-759,0,-783,-722,-712,-608,-711,-706,-694,-326,-425,-424,-642,-576,-1164,-1125,-1509,-1486,-1437,-1396,-1111,-794,-985,-967,-749,-114,-114,-114,-114,-114,-114,-114,-114,-114,-114,-45,-45,-45,-45,-45,-139,-139,-139,-139,-139,-139,-139,-114,-114,-114,-114,-45,-114,-114,-114,-114,-139,-114,-114,-114,-114,-114,-114,-114,-114,0,-114,-114,-114,-114,-114,-114,-114,-114,-114,-114,-114,-114,-114,0,-114,-114,-114,-114,-147,-147,-195,-195,-195,-139,-139,-139,-139,-45,-45,-45,-45,-45,-45,-45,-45,-45,-45,-45,-45,0,-45,0,-45,0]} 1. e4 e5 2. Nf3 Nc6 3. Bb5 a6 4. Ba4 Nf6 5. O-O Be7 6. Bxc6 dxc6 7. d3 Nd7 8. Nc3 {C85: Closed Ruy Lopez: Deferred Exchange Variation.} O-O 9. Be3 Re8 10. a4 {[#] The position is equal.} Bf8 $146 ({Predecessor:} 10... Bf6 11. h3 Nf8 12. Ne2 Ne6 13. Kh1 a5 14. Nd2 b6 15. b3 c5 16. Rc1 g6 {½-½ (25) Motylev,A (2654)-Bu,X (2722) Harbin 2019}) 11. Nd2 Nc5 12. Nc4 f6 13. f4 exf4 14. Bxf4 Ne6 15. Bg3 Nd4 16. Ne3 Be6 17. a5 Qd7 18. Qh5 $2 {[%mdl 8192] [#]} (18. Kh1 $11 {and White has nothing to worry.}) 18... Bf7 $2 (18... Nxc2 $1 $19 {[%mdl 512]} 19. Nxc2 Bg4) 19. Qd1 $15 Bc5 20. Bf2 Re5 21. Kh1 Rg5 22. Qe1 Re8 23. Bh4 Rh5 24. g4 Rh6 {aiming for ...Be6.} 25. Rc1 (25. Nf5 $142 Nxc2 26. Nxh6+ gxh6 27. Qe2 Nxa1 28. Rxa1) 25... Rg6 $17 26. Na4 Ba7 $1 27. b4 Ne6 (27... Be6 $142 28. Rf4 b6) 28. Nf5 Rxg4 29. Bxf6 (29. Bf2 $17 Bxf2 30. Rxf2) 29... Bg6 $19 {Strongly threatening ...Bxf5.} 30. Ba1 Bxf5 31. Rxf5 Rg1+ 32. Qxg1 Bxg1 33. Rxg1 {White wants to play Nc5.} g6 34. Bf6 Rf8 35. h4 $2 (35. Rff1) 35... Rxf6 36. Rxf6 {[#]} Nc5 $1 {[%cal Rd7h3][%mdl 512]} 37. Rgxg6+ (37. Nxc5 Qh3#) 37... hxg6 38. Nxc5 {[%mdl 4096] Endgame KQ-KRN} ({But not} 38. Rxg6+ $2 Kf7 $19) 38... Qh3+ 39. Kg1 Qxh4 40. Rxg6+ (40. Rf2 {was necessary.} Qg5+ 41. Kh2) 40... Kf7 41. Rg2 Qe1+ {[%mdl 64] Double Attack} 42. Kh2 Qxb4 {[%mdl 64] Double Attack} 43. Rf2+ Ke7 44. Rf5 Qxa5 45. Re5+ Kf7 46. Rf5+ Kg6 47. Nxb7 Qd2+ 48. Kg3 {intending Rc5.} Qxc2 49. Rc5 (49. Kg4 $142 Qb1 50. Rg5+ Kh6 51. Rh5+ Kg7 52. Nc5) 49... Qxd3+ {[%mdl 64] Double Attack} 50. Kf4 Qd2+ 51. Kg4 Qd7+ 52. Kf4 Qf7+ 53. Kg4 Qe6+ 54. Kf4 Qf7+ 55. Kg4 $1 Qe8 56. Kf4 Qf8+ 57. Ke3 Qb8 58. Rxc6+ Kf7 (58... Kh5 $142 59. Nc5 a5) 59. Nc5 a5 60. e5 (60. Ra6 $142 Qb4 61. Rc6) 60... Ke7 61. Rh6 {Rh7+ would kill now. Cut Off at move 61} Qg8 62. Rc6 Qg3+ 63. Kd4 Qf2+ 64. Kc4 Qe2+ 65. Kd4 Qb2+ 66. Kc4 {[#]} Qxe5 $2 (66... Qb4+ $1 $19 67. Kd5 Qd2+ 68. Kc4 Qe2+ 69. Kd4 Qb2+ 70. Kc4 Qb4+ 71. Kd5 Qd2+ 72. Kc4 Qb4+) 67. Kb5 $17 {[#]} a4 $1 {[%mdl 64] Decoy} 68. Kxa4 Qa1+ 69. Kb5 Qb2+ 70. Kc4 Qe2+ 71. Kb4 Kd8 (71... Qe1+ $17 72. Kb5 Qf1+ 73. Ka5 Qa1+ 74. Kb5 Qb2+ 75. Kc4 Qe2+ 76. Kb4 Qe1+ 77. Kc4 Qe2+) 72. Na6 $1 $15 Qe4+ 73. Kc5 Qc2+ 74. Kd5 {[#]} (74. Kb5 $15 Qb3+ 75. Kc5) 74... Qa2+ $1 $17 75. Kd4 Qa4+ 76. Kd5 Qa5+ 77. Nc5 Qd2+ 78. Kc4 Qe2+ 79. Kb4 Qe5 ({Black should try} 79... Qe1+ $17 80. Kc4 Qh1) 80. Re6 (80. Na6 $1 $15) 80... Qb2+ 81. Kc4 Qb1 82. Kd4 Qb4+ 83. Kd5 Qg4 84. Kc6 {Intending Nb7+ and mate.} Qf3+ 85. Kb5 Qd5 86. Rc6 Qf3 87. Re6 Qf7 88. Kc6 Kc8 89. Kb5 Kb8 90. Ra6 Qf1+ 91. Kb4 Qb1+ 92. Kc4 Qh1 93. Kb5 Qb1+ (93... Qd5 $17 94. Re6 Qf5) 94. Kc6 (94. Kc4 $11) 94... Qg6+ 95. Kb5 Qe8+ (95... Qf5 {is more complex.} 96. Re6 Qb1+ 97. Kc4 Qh1 98. Kb5 Qg2) 96. Kb4 c6 {Threatens to win with ...Qe1+.} 97. Rb6+ Kc7 98. Rb7+ Kd6 (98... Kc8 $19 99. Ka5 Qe2) 99. Rd7+ Ke5 100. Nd3+ Ke4 ({Better is} 100... Kf5 $17 101. Rd4 Qf8+ 102. Kb3 Ke6 103. Nf4+ Kf6) 101. Nc5+ $15 Ke3 {...Qb8+ is the strong threat.} 102. Ka5 $1 Qb8 {[%csl Gc6][%cal Rb8b5]} 103. Rb7 $1 {[%cal Rb7b8]} Qd8+ 104. Ka6 Ke2 105. Rd7 Qb8 {And now ...Qb5+ would win.} 106. Rb7 Qd8 107. Rd7 Qb8 {Hoping for ...Qb5+.} 108. Rb7 Qd8 {Weighted Error Value: White=0.51/Black=0.29} 1/2-1/2

[Event "Turkish Championship 2020"]
[Site "Kemer-Antalya"]
[Date "2020.11.13"]
[Round "1.2"]
[White "Yurtseven, Melih"]
[Black "Ozen, Deniz"]
[Result "1/2-1/2"]
[WhiteElo "2391"]
[BlackElo "2412"]
[Annotator "TA"]
[PlyCount "67"]
[EventDate "2020.11.13"]
[EventType "tourn"]
[EventCountry "TUR"]
[SourceTitle "playchess.com"]
[Source "ChessBase"]
[SourceQuality "1"]

{[%evp 15,67,24,6,0,26,22,16,36,28,29,14,25,21,24,22,6,10,0,13,0,0,0,6,-4,0,0,10,10,10,1,27,23,31,32,31,31,42,31,49,49,60,65,65,17,31,0,20,0,0,0,0,0,0,0]} 1. d4 Nf6 2. c4 e6 3. Nc3 Bb4 4. Qc2 d5 5. a3 Bxc3+ 6. Qxc3 dxc4 7. Qxc4 O-O 8. Nf3 b6 9. Bf4 {E36: Nimzo-Indian: Classical: 4...d5 5 a3.} Nd5 10. Bg5 {[#]} Qe8 $146 ({Predecessor:} 10... Qd7 11. Qc2 h6 12. Ne5 Qd6 13. Bh4 Ba6 14. Bg3 Qd8 15. e4 Bxf1 16. Rxf1 Ne7 {½-½ (87) Dronov,A (2603)-Brooks,I (2589) ICCF email 2006}) 11. e4 h6 12. Bd2 ({Much worse is} 12. exd5 exd5+ 13. Qe2 hxg5 $17) 12... Ba6 13. Qc2 {[#] aiming for Bxa6.} Bxf1 14. Rxf1 Nf6 15. Ne5 c5 16. dxc5 {And now c6 would win.} Nc6 17. Nxc6 Qxc6 {[%mdl 64] [#] Double Attack} 18. f3 Nd7 19. Rc1 Rac8 20. Kf2 Qxc5+ 21. Qxc5 Nxc5 22. Ke2 Rfd8 {Strongly threatening ...Rxd2+!} 23. Rc3 Na4 24. Rxc8 Rxc8 25. Rc1 Rxc1 26. Bxc1 $14 {[%mdl 4096] Endgame KB-KN} Kf8 27. Kd3 Ke7 28. Kc4 a6 29. b3 Nc5 $1 30. a4 Kd7 {The position is equal.} 31. Ba3 Kc6 $1 32. Bxc5 bxc5 33. e5 a5 34. f4 {Weighted Error Value: White=0.07/Black=0.06} 1/2-1/2

[Event "Turkish Championship 2020"]
[Site "Kemer-Antalya"]
[Date "2020.11.13"]
[Round "1.3"]
[White "Haznedaroglu, Kivanc"]
[Black "Firat, Burak"]
[Result "1-0"]
[WhiteElo "2437"]
[BlackElo "2474"]
[Annotator "TA"]
[PlyCount "105"]
[EventDate "2020.11.13"]
[EventType "tourn"]
[EventCountry "TUR"]
[SourceTitle "playchess.com"]
[Source "ChessBase"]
[SourceQuality "1"]

{[%evp 16,105,12,5,23,5,32,27,38,49,43,25,44,48,50,51,53,56,58,43,54,68,74,54,85,72,61,60,59,68,62,42,68,68,59,64,56,48,64,39,54,22,33,16,23,0,20,0,70,35,73,76,67,67,150,139,244,211,210,200,236,236,241,241,246,243,240,222,266,225,225,225,232,207,212,204,218,209,197,172,210,149,360,351,384,386,386,381,346,284,410,407]} 1. Nf3 Nf6 2. g3 g6 3. b3 Bg7 4. Bb2 c5 5. Bg2 O-O 6. O-O d5 7. c4 dxc4 8. bxc4 Nc6 9. d3 Be6 {A05: Réti Opening: 1 Nf3 Nf6.} 10. Nbd2 {[#]} Rc8 $146 ({Predecessor:} 10... Qc7 11. Nb3 b6 12. Qc1 Rad8 13. Bc3 Bc8 14. Qb2 Nh5 15. a4 Bxc3 16. Qxc3 a5 17. d4 cxd4 18. Nbxd4 Nxd4 19. Nxd4 {½-½ (46) Byway,P (2216)-Spivack,S (2182) Birmingham 2002}) 11. Ne5 Nxe5 {White has an edge.} 12. Bxe5 Qd7 13. Qb3 b6 14. Qb2 Bh3 15. a4 {[%cal Ba2a4,Ba4a5][%mdl 32]} Bxg2 16. Kxg2 Qc6+ 17. Kg1 Qe6 18. a5 Rc6 19. Nf3 Nh5 20. Bxg7 Nxg7 21. axb6 Rxb6 22. Qd2 a6 23. Qe3 Qd6 24. Ra5 Rc8 25. Rfa1 Nf5 26. Qf4 Qe6 27. R1a2 f6 28. e4 Ng7 29. Kg2 Qc6 30. h4 e5 31. Qh6 Qe6 (31... Qb7 $11) 32. Qe3 Qd6 33. Ng1 {[%cal Bf3g1,Bg1e2,Be2c3,Bc3d5][%mdl 32]} Ne6 34. Ne2 Rd8 {[#]} ({Black should play} 34... Rcc6 $14) 35. Nc3 $1 $16 Qxd3 (35... Kg7 $16 {is a better defense.} 36. Nd5 Rc6) 36. Nd5 Qxe3 37. fxe3 Rb7 38. Rxa6 Nc7 39. Nxf6+ Kg7 40. Rc6 Ne8 41. Ng4 Rdb8 42. Rf2 ({Much less strong is} 42. Nxe5 $6 Nf6 $18) ({Don't do} 42. Rxc5 Nd6 $18) 42... Re7 43. Rxc5 Nd6 44. Rd2 ({Weaker is} 44. Nxe5 Nxe4 45. Nc6 Re6 $14) 44... Nxe4 45. Rxe5 Rbe8 46. Rxe7+ Rxe7 $18 {[%mdl 4096] Endgame KRN-KRN} 47. Rd5 Rc7 48. Ne5 Kf6 $2 {[#] This move loses the game for Black.} (48... Nf6 $16) 49. Kf3 Nd2+ 50. Rxd2 Kxe5 51. Rd5+ Ke6 52. Rd4 h5 (52... Ke5 {keeps fighting.} 53. Ke2 Ra7) 53. Ke4 {Weighted Error Value: White=0.10/Black=0.24} 1-0

[Event "Turkish Championship 2020"]
[Site "Kemer-Antalya"]
[Date "2020.11.13"]
[Round "1.4"]
[White "Eren, Ataberk"]
[Black "Tarlabasi, Emirhan"]
[Result "1/2-1/2"]
[WhiteElo "2321"]
[BlackElo "2275"]
[Annotator "TA"]
[PlyCount "94"]
[EventDate "2020.11.13"]
[EventType "tourn"]
[EventCountry "TUR"]
[SourceTitle "playchess.com"]
[Source "ChessBase"]
[SourceQuality "1"]

{[%evp 15,94,1,2,1,0,-39,-25,-18,-41,-17,-18,-20,23,28,22,22,40,38,31,34,31,35,28,-18,-11,-79,79,70,74,66,89,86,79,51,89,87,76,79,76,29,29,29,78,60,58,20,20,29,23,25,10,15,10,8,14,0,7,0,0,0,0,0,0,0,0,0,0,0,0,0,0,0,0,0,0,0,0,0,0,0,0]} 1. d4 d5 2. Bf4 Nf6 3. e3 e6 4. Nd2 c5 5. c3 Bd6 6. Bg3 O-O 7. Ngf3 Nc6 8. Bd3 b6 9. e4 {D02: 1 d4 d5 2 Nf3 sidelines, including 2...Nf6 3 g3 and 2...Nf6 3 Bf4.} Be7 10. e5 Nh5 $1 11. Ng5 $1 {Black has an edge. 11.Ng5 scores better than 11.a3.} Bxg5 ({Avoid the trap} 11... Nxg3 $2 12. Bxh7+ Kh8 13. Nxf7+ $1 {[%mdl 512]} Rxf7 14. hxg3 $18) 12. Qxh5 {[%csl Gd3][%cal Rh5h7]} g6 13. Qe2 f5 {...f4 is the strong threat.} 14. exf6 {[#]} cxd4 $146 ({Predecessor:} 14... Bxf6 15. Bb5 Ne7 16. Nf3 a6 17. Bd3 Nf5 18. Be5 Bxe5 19. Qxe5 Nh4 20. Nxh4 Qxh4 {1-0 (59) Paltrinieri,N (2277)-Binder,M (2234) Austria 2018}) 15. Nf3 $1 ({But not} 15. Bb5 dxc3 16. Nf3 (16. bxc3 Qxf6 17. O-O Qxc3 $17) 16... Qxf6 $15) 15... Bxf6 16. Bb5 Qe8 17. cxd4 Bd7 18. Bxc6 Bxc6 19. Be5 Bb5 20. Qd2 (20. Qe3 $11) 20... Rc8 $2 (20... Be7 $1 $17 {stays on course. Threatens to win with ...Rc8.} 21. Qh6 Rf7) 21. Bxf6 $16 Rxf6 22. Ne5 Qe7 {[#]} 23. f3 $1 Rff8 24. g3 Rc7 {[#]} 25. Kf2 $1 Rfc8 {Strongly threatening ...Rc2!} 26. Rac1 a5 27. h4 Qb4 $1 {[%cal Rb4d2]} 28. Ke3 Qe7 29. Rxc7 Qxc7 30. g4 (30. h5 $5 {[%cal Rh5g6]} g5 31. h6 $14) 30... Qc2 31. Rd1 Kg7 32. Qxc2 Rxc2 $11 {[%mdl 4096] Endgame KRB-KRN} 33. Rd2 {The position is equal.} Rc1 34. Rh2 h6 35. f4 Kf6 36. g5+ Kg7 37. h5 gxh5 38. Rxh5 hxg5 39. fxg5 Re1+ 40. Kd2 Re2+ 41. Kc3 Re3+ 42. Kd2 Re2+ 43. Kd1 Rxb2 44. Rh6 Rxa2 45. Rxe6 Ra4 46. Rxb6 {Hoping for Rb7+.} Rxd4+ 47. Kc1 {Black must now prevent Rb7+.} Re4 {Weighted Error Value: White=0.09/Black=0.10} 1/2-1/2

[Event "Turkish Championship 2020"]
[Site "Kemer-Antalya"]
[Date "2020.11.13"]
[Round "1.5"]
[White "Gokerkan, Cem Kaan"]
[Black "Sevgi, Volkan"]
[Result "1-0"]
[WhiteElo "2461"]
[BlackElo "2359"]
[Annotator "TA"]
[PlyCount "101"]
[EventDate "2020.11.13"]
[EventType "tourn"]
[EventCountry "TUR"]
[SourceTitle "playchess.com"]
[Source "ChessBase"]
[SourceQuality "1"]

{[%evp 16,101,43,49,29,0,0,-11,-13,-12,-11,-31,-10,-10,0,-25,-10,-13,-13,-10,-12,-18,-21,-13,-15,-46,-38,-39,-23,-17,-28,-28,-25,-45,-59,-53,-62,-80,-86,-216,-114,-110,-118,-116,-119,-114,-112,-124,-100,-111,-105,-101,-88,-87,-72,-79,-79,-88,-8,-8,-8,-8,-8,-8,0,0,0,0,0,0,0,0,0,0,0,0,0,0,8,12,29977,29978,29977,29979,29980,29981,29986,29987]} 1. e4 c6 2. d4 d5 3. e5 Bf5 4. h4 h5 5. c4 dxc4 6. Bxc4 e6 7. Nc3 Nd7 8. Nge2 {8.Bg5 is not played anymore.} Nb6 9. Bb3 Be7 {B12: Caro-Kann: Advance Variation.} 10. Ng3 Bg6 11. Nge4 Nh6 {The position is equal.} 12. Bxh6 Rxh6 {[#]} 13. a3 $146 ({Predecessor:} 13. Qd2 Bxe4 14. Nxe4 Nd5 15. a3 Rh8 16. Rh3 Qd7 17. Rg3 g6 18. Rf3 Rf8 19. g3 {½-½ (48) Degraeve,J (2551)-Svetushkin,D (2568) Mallorca 2004}) 13... Qd7 14. Qd2 O-O-O 15. O-O-O Rhh8 16. g3 Qc7 17. Qe2 Nd5 18. Bc2 Kb8 19. Kb1 Rc8 20. Qc4 Rhd8 21. Rhe1 b5 22. Qb3 $1 Qb6 23. Re2 Nxc3+ 24. Nxc3 {Strongly threatening Bxg6.} Bxc2+ 25. Qxc2 Rxd4 26. Rxd4 Qxd4 27. Qh7 {[#]} (27. Re3 $17) 27... b4 (27... Bxa3 $1 $19 {[%mdl 512]} 28. Qe4 (28. bxa3 Qxc3) 28... Qxe4+ 29. Nxe4 Be7) 28. axb4 $17 Bxb4 29. Qxh5 Bxc3 30. bxc3 {[%cal Bb2c3,Bc3c4][%mdl 4128] Endgame [#] KQR-KQR} Qd1+ $1 31. Ka2 {Rb2+ would kill now.} Ka8 32. Qf3 Qa4+ 33. Kb1 Rd8 34. Rc2 Rd5 35. c4 Rxe5 36. Qc3 {[#]} f6 (36... Re2 $1 $17 {[%mdl 512]}) 37. Qd2 $11 Qa5 38. Qxa5 Rxa5 {KR-KR} 39. Rd2 Rf5 40. f4 e5 41. fxe5 Rxe5 42. Rd7 g6 43. Rg7 Rf5 44. Kb2 Rf3 ({Reject} 44... Rf2+ $6 45. Ka3 $16) 45. Rxg6 {Hoping for h5.} Kb7 46. h5 a5 47. h6 Kb6 $2 {[%mdl 8192]} (47... f5 $11) 48. Rg4 {White mates.} ({Worse is} 48. h7 Rf2+ 49. Kc3 Rh2 $11) 48... Rf2+ 49. Ka3 Rf3+ 50. Ka4 Re3 51. h7 {Never resign too early!  Weighted Error Value: White=0.06/Black=0.24} 1-0

[Event "Turkish Championship 2020"]
[Site "Kemer-Antalya"]
[Date "2020.11.14"]
[Round "2.1"]
[White "Atalik, Ekaterina"]
[Black "Sevgi, Volkan"]
[Result "0-1"]
[WhiteElo "2450"]
[BlackElo "2359"]
[Annotator "TA"]
[PlyCount "80"]
[EventDate "2020.11.13"]
[EventType "tourn"]
[EventCountry "TUR"]
[SourceTitle "playchess.com"]
[Source "ChessBase"]
[SourceQuality "1"]

{[%evp 17,80,27,73,49,43,53,48,48,53,39,39,39,39,33,49,24,25,32,18,0,0,0,0,-19,8,2,23,21,23,16,40,4,21,8,22,0,0,0,0,0,8,8,8,0,8,8,14,0,0,0,0,0,0,-6,0,0,0,0,0,0,0,0,0,-1391,-1201]} 1. d4 d5 2. c4 dxc4 3. Nf3 Nf6 4. e3 e6 5. Bxc4 c5 6. O-O a6 7. b3 Nc6 8. Bb2 Be7 9. Nbd2 O-O 10. Ne5 {[#] D27: Queen's Gambit Accepted: Classical main line: 7 e4!? and 7 a4.} cxd4 $146 ({Predecessor:} 10... Bd7 11. Nxd7 Qxd7 12. dxc5 Rad8 13. Bc3 Bxc5 14. Bxf6 gxf6 15. Qg4+ Kh8 16. Qh4 Be7 17. Ne4 f5 {½-½ (41) Muse,M (2445)-Mathonia,C (2210) Germany 1995}) 11. Nxc6 bxc6 12. Bxd4 {White is slightly better.} c5 13. Bb2 Bb7 14. Qe2 Qc7 15. Rfd1 Bd6 16. h3 Bh2+ 17. Kf1 {Threatens to win with Bxf6.} Be5 18. Nf3 Bxb2 19. Qxb2 Bxf3 20. gxf3 a5 21. Kg2 Rfd8 22. Rxd8+ Rxd8 23. Rc1 h5 24. Qc3 Nd5 25. Bxd5 Rxd5 $11 {[%mdl 4096] Endgame KQR-KQR} 26. h4 Qd8 27. e4 Rd2 28. a4 Qd4 29. Qxd4 cxd4 {KR-KR} 30. Rc8+ Kh7 31. Rc5 Kg6 32. Rxa5 Rb2 33. Rg5+ Kh6 {aiming for ...d3.} 34. Rb5 {And now f4 would win.} d3 {( -> ...d2)} 35. Rb7 f6 36. a5 Rb1 {White must now prevent ...d2.} 37. Rd7 Rxb3 38. f4 Ra3 39. Rd6 Rxa5 40. Rxe6 $2 {[%mdl 8192] [#]} (40. Rxd3 $11 Ra6 41. Kg3) 40... Rd5 $1 {[%mdl 512] Weighted Error Value: White=0.26/Black=0.06} 0-1

[Event "Turkish Championship 2020"]
[Site "Kemer-Antalya"]
[Date "2020.11.14"]
[Round "2.2"]
[White "Tarlabasi, Emirhan"]
[Black "Gokerkan, Cem Kaan"]
[Result "0-1"]
[WhiteElo "2275"]
[BlackElo "2461"]
[Annotator "TA"]
[PlyCount "73"]
[EventDate "2020.11.13"]
[EventType "tourn"]
[EventCountry "TUR"]
[SourceTitle "playchess.com"]
[Source "ChessBase"]
[SourceQuality "1"]

{[%evp 20,73,28,31,76,64,81,18,25,8,23,10,13,0,0,0,0,-71,-81,-58,-62,-67,-57,-78,-63,-60,-56,-58,-52,-44,-59,-99,-89,-88,-89,-90,-88,-212,-211,-190,-199,-272,-276,-383,-377,-754,-621,-780,-768,-812,-738,-889,-889,-841,-830,-715]} 1. d4 Nf6 2. c4 g6 3. Nc3 Bg7 4. e4 d6 5. f4 O-O 6. Nf3 Na6 7. Bd3 e5 8. fxe5 dxe5 9. d5 c6 10. O-O cxd5 11. cxd5 Qb6+ {E76: King's Indian: Four Pawns Attack: Lines specific to 6 Nf3 move-order.} 12. Kh1 {[#]} Bg4 $146 ({Predecessor:} 12... Ng4 13. Qe1 Nc5 14. Bc2 f6 15. h3 Nh6 16. Be3 Bd7 17. Ba4 Nxa4 18. Bxb6 Nxb6 19. a4 {1-0 (39) Mellado Trivino,J (2493)-Barrero Garcia,C (2300) Dos Hermanas 2000}) 13. Na4 (13. Qe1 $16) 13... Qd6 $11 {The position is equal.} 14. Be3 Rfc8 $1 15. a3 Bd7 $1 16. b4 (16. Nd2 {is more complex.} Bxa4 17. Qxa4 Nc5 18. Qb4 Qc7 19. Bb1) 16... Bxa4 17. Qxa4 Rc3 18. Bxa6 (18. Rad1 $11 {keeps the balance.}) 18... Qxa6 $17 19. Qxa6 bxa6 20. Bd2 Rc4 21. Nxe5 Rxe4 22. Rae1 Re8 23. Nc6 Nxd5 24. Rxe4 Rxe4 25. Re1 {[#]} f5 $1 26. g3 Bb2 27. a4 Ba3 28. Rxe4 {Loses the game.} (28. Rb1 $17 {is a better defense.}) 28... fxe4 {[%mdl 4096] Endgame KBN-KBN} 29. Kg2 Kf7 30. Nxa7 (30. Be1 $142) 30... Bxb4 $19 31. Bc1 Ne7 32. Be3 $2 {[#]} (32. Bg5 Bc5 33. Bxe7 Kxe7 34. Nc6+ Kd6 35. Nd8) 32... Ke6 {Black is clearly winning.} 33. g4 Kd7 34. Kg3 Nd5 35. Bd4 Bd6+ 36. Kg2 g5 37. Kg1 {Weighted Error Value: White=0.55/Black=0.10} 0-1

[Event "Turkish Championship 2020"]
[Site "Kemer-Antalya"]
[Date "2020.11.14"]
[Round "2.3"]
[White "Firat, Burak"]
[Black "Eren, Ataberk"]
[Result "1-0"]
[WhiteElo "2474"]
[BlackElo "2321"]
[Annotator "TA"]
[PlyCount "59"]
[EventDate "2020.11.13"]
[EventType "tourn"]
[EventCountry "TUR"]
[SourceTitle "playchess.com"]
[Source "ChessBase"]
[SourceQuality "1"]

{[%evp 14,59,55,50,48,51,60,40,45,38,91,46,68,63,106,100,107,85,89,70,81,90,88,89,83,76,129,119,161,95,96,100,103,75,126,99,233,211,418,418,399,362,610,612,604,584,602,599]} 1. Nf3 Nf6 2. c4 c5 3. g3 e6 4. Bg2 d5 5. O-O Nc6 6. d4 Be7 7. dxc5 Bxc5 8. a3 a6 {E06: Closed Catalan: Early deviations.} 9. b4 Ba7 10. Bb2 O-O {White is slightly better.} 11. Nbd2 Re8 {[#]} (11... Bd7 $14) 12. Rc1 $146 ({Predecessor:} 12. e3 b5 13. cxd5 exd5 14. Rc1 Qd6 15. Nb3 Ne4 16. Nfd4 Nd8 17. Rxc8 Rxc8 18. Qg4 {1-0 (36) Gordon,S (2503)-Schneider,D (2475) Daventry 2020}) 12... Bd7 13. Re1 Ne4 14. e3 Qe7 15. Nxe4 dxe4 16. Nd2 f5 17. c5 Rad8 18. Nc4 Bb8 19. Qb3 Kh8 (19... Na7 $142) 20. a4 Na7 21. Na5 (21. Bf1 $18) 21... Bc6 $16 22. Bf1 Bd5 23. Qc3 Rc8 (23... Nc6 $142) 24. Nc4 Nc6 {[#] This move loses the game for Black.} (24... Bc7 $16) 25. Nd6 $1 $18 {[%mdl 512]} Rcd8 $2 (25... Qf8 26. Nxe8 (26. Nxc8 Rxc8 27. Red1 Be5 $16) 26... Rxe8) (25... Bxd6 26. cxd6) 26. b5 ({Not} 26. Nxe8 Be5 $18) 26... axb5 27. axb5 ({Less strong is} 27. Nxe8 Be5 $16) 27... Na7 $2 (27... Bxd6 28. cxd6 Rxd6 29. bxc6 Rxc6) 28. Nxe8 {White is clearly winning.} Rxe8 29. Bc4 Rc8 30. Red1 {Weighted Error Value: White=0.09/Black=0.46} 1-0

[Event "Turkish Championship 2020"]
[Site "Kemer-Antalya"]
[Date "2020.11.14"]
[Round "2.4"]
[White "Ozen, Deniz"]
[Black "Haznedaroglu, Kivanc"]
[Result "0-1"]
[WhiteElo "2412"]
[BlackElo "2437"]
[Annotator "TA"]
[PlyCount "78"]
[EventDate "2020.11.13"]
[EventType "tourn"]
[EventCountry "TUR"]
[SourceTitle "playchess.com"]
[Source "ChessBase"]
[SourceQuality "1"]

{[%evp 9,78,-4,-5,-19,-1,-3,-6,-6,-15,-14,-5,-7,-12,-45,-43,-23,0,-58,-52,-69,-53,-49,-49,-49,-49,-49,-50,-54,-56,-97,-50,-157,-150,-160,-156,-153,-137,-189,-181,-166,-146,-138,-136,-153,-163,-387,-384,-394,-394,-383,-385,-458,-453,-439,-366,-354,-351,-471,-435,-494,-452,-715,-714,-675,-651,-793,-758,-1370,-1370,-1310,-1278]} 1. e4 d6 2. d4 Nf6 3. Nc3 c6 4. Bf4 Qa5 5. e5 dxe5 6. dxe5 {B07: Pirc Defence: Miscellaneous Systems.} Ne4 {[#]} 7. Qf3 $146 (7. Qd4 {keeps more tension.} Nxc3 8. Qxc3 Qxc3+ 9. bxc3 Nd7 10. h4) ({Predecessor:} 7. Nge2 g5 8. Bd2 Nxd2 9. Qxd2 Qxe5 10. O-O-O Nd7 11. g3 Bg7 12. Bh3 O-O 13. Rhe1 {1-0 (39) Buckels,V (2459)-Ivanchuk,V (2698) Caleta 2020}) 7... Nxc3 8. Qxc3 {The position is equal.} Qxc3+ 9. bxc3 Nd7 {[%cal Bb8d7,Bd7c5,Bc5a4][%mdl 32]} 10. Nf3 Nc5 11. Be3 Na4 12. c4 Bg4 13. Ng5 ({White should try} 13. Rb1 $11) 13... h6 $15 14. Ne4 Bf5 15. Bd3 Bxe4 16. Bxe4 {next e6 is good for White.} e6 17. f4 Bc5 18. Kf2 O-O-O $36 {[%mdl 2048] Black has the initiative.} 19. Kf3 Kc7 20. Rad1 (20. Bc1 $15) 20... Rxd1 $17 21. Rxd1 Bxe3 22. Kxe3 {[%mdl 4096] Endgame KRB-KRN} Nb2 $1 {[%cal Rb2d1]} 23. Rf1 (23. Re1 $17) 23... Nxc4+ $19 24. Ke2 g6 25. Rf3 h5 26. Rh3 Rd8 27. g4 $2 (27. Rd3) 27... hxg4 28. Rh7 Rd2+ 29. Ke1 {[#] Threatens to win with Bd3.} Rd7 $1 30. Rg7 Ne3 31. Kf2 Nf5 32. Rh7 Kb6 33. Bxf5 gxf5 {KR-KR. Black is clearly winning.} ({Weaker is} 33... exf5 {[#]} 34. e6 $1 $17 {[%mdl 512]}) 34. Kg3 Kc5 35. Kh4 (35. h4 $142 gxh3 36. Rxh3) 35... Kd4 36. Rg7 Ke4 37. Kg5 c5 38. c4 Kd4 39. Kf6 Kxc4 {Weighted Error Value: White=0.54/Black=0.05} 0-1